00387 2200157 4500001002100000005001500021035002000036245004000056100001600096300002600112260003500138082000800173084001400181020002200195990001200217INLIS00000000000300220250918090249 a0010-09250003491 aNak, Panggil Aku Ibu /cAster Putih0 aAster Putih a220 hlm ;c13 x 19 cm aJakarta :bRumah Oranye,c2013 a813 a813 AST n a978-602-1588-22-2 a0755631